| 000 | 00560nam a2200229Ia 4500 | ||
|---|---|---|---|
| 003 | OSt | ||
| 005 | 20250721111852.0 | ||
| 008 | 210210b2016 xxu||||| |||| 00| 0 eng d | ||
| 020 | _a9789351610663 | ||
| 040 | _cAL | ||
| 041 | _aeng | ||
| 082 | _a650 GUPB | ||
| 100 |
_aGupta C B _9219528 |
||
| 245 | _aBusiness environment | ||
| 260 |
_aNew Delhi _bSultan Chand & Sons _c2016 |
||
| 300 | _axviii,561p | ||
| 650 |
_aenvironment _9219529 |
||
| 650 |
_aBusiness _9219530 |
||
| 690 |
_aBusiness Environment _9219531 |
||
| 906 | _a070522 | ||
| 942 |
_2ddc _cBK |
||
| 999 |
_c119948 _d119948 |
||